000
00245nam a2200097Ia 4500
001
653942
005
20250826154508.0
008
250824s9999 xx 000 0 und d
245
0
_a
SEBE KRALİÇESİ BELKIS
_c
NURDAN DAMLA
260
_b
HAYAT YAYINLARI
999
_c
653942
_d
653942